Public administration (Record no. 6761)

MARC details
000 -LEADER
fixed length control field 00561cam a2200229ua 4500
001 - CONTROL NUMBER
control field 7644
005 - DATE AND TIME OF LATEST TRANSACTION
control field 20260515114235.0
008 - FIXED-LENGTH DATA ELEMENTS--GENERAL INFORMATION
fixed length control field 141218n ii |||gr||||Z||||||asm
020 ## - INTERNATIONAL STANDARD BOOK NUMBER
International Standard Book Number 9789382283836
040 ## - CATALOGING SOURCE
Transcribing agency MAIN
041 ## - LANGUAGE CODE
Language code of text/sound track or separate title asm
082 ## - DEWEY DECIMAL CLASSIFICATION NUMBER
Classification number 351
100 ## - MAIN ENTRY--PERSONAL NAME
Personal name Majinder, T.,
Relator term Author.
245 1# - TITLE STATEMENT
Title Public administration
Statement of responsibility, etc. By Thanuram Majinder
250 ## - EDITION STATEMENT
Edition statement 1st.
260 ## - PUBLICATION, DISTRIBUTION, ETC.
Place of publication, distribution, etc. Dibrugarh:
Name of publisher, distributor, etc. Kaustabh,
Date of publication, distribution, etc. 2014.
300 ## - PHYSICAL DESCRIPTION
Extent 227p.
653 ## - INDEX TERM--UNCONTROLLED
Uncontrolled term Public administration
700 ## - ADDED ENTRY--PERSONAL NAME
Personal name Goswami, D.,
Relator term Author.
700 ## - ADDED ENTRY--PERSONAL NAME
Personal name Sonowal, K.,
Relator term Author.
942 ## - ADDED ENTRY ELEMENTS (KOHA)
Koha item type Books
Holdings
Withdrawn status Lost status Damaged status Not for loan Home library Current library Shelving location Date acquired Total checkouts Full call number Barcode Date last seen Copy number Price effective from Koha item type Date last checked out
        Naharkatiya College Library Naharkatiya College Library General stacks 09/19/2020   351 | MAJ 22638 09/19/2020 2 09/19/2020 Books  
        Naharkatiya College Library Naharkatiya College Library General stacks 09/19/2020 1 351 | MAJ 22639 11/15/2021 1 09/19/2020 Books 10/26/2021